| Record ID | harvard_bibliographic_metadata/20220215_035.bib.mrc:172387895:2683 |
| Source | Harvard University |
| Download Link | /show-records/harvard_bibliographic_metadata/20220215_035.bib.mrc:172387895:2683?format=raw |
LEADER: 02683pam a2200289 a 4500
005 20020606093309.7
008 891020s1990 nyua 001 0 eng
001 990022054380203941
010 $a^^^89025009^
020 $a0823025187 :$c$45.00$0(uri) http://www.isbnsearch.org/isbn/0823025187
035 $a(OCoLC)20594471$0(uri) http://www.worldcat.org/oclc/20594471
040 $aDLC$cDLC$dHHG
043 $an-us---
050 00 $aNC998.5.A1$bG75 1990
082 00 $a741.6$220
100 1 $aGreiman, April.$0(uri) http://id.loc.gov/authorities/names/n88064755$0(uri) http://viaf.org/viaf/sourceID/LC|n88064755
245 10 $aHybrid imagery :$bthe fusion of technology and graphic design /$cApril Greiman ; with overviews by Eric Martin.
260 $aNew York :$bWatson-Guptill,$c1990.
300 $a158 p. :$bill. (some col.) ;$c27 cm.
505 0 $aThe Layering Process. Art Direction. Peter Shire -- Vertigo -- April Greiman Inc. -- The China Club -- WET -- Douglas Schmidt -- California Institute of the Arts -- Los Angeles County Museum of Art -- Los Angeles Olympics Committee -- Joan La Barbara -- PDC 2 -- Seven graphic designers -- Video. Society of Typographic Arts -- Ron Rezek -- Simpson Paper Company -- Video Fabric -- Esprit Television Spots -- Macintosh. Macintosh fabric -- Design Quarterly #133: "Does it make sense?" -- Los Angeles Institute of Contemporary Art -- Snow White and the seven pixels -- Pacific wave -- Stilnovo -- Perloff /Webster -- Bicentennial of the French Revolution -- Workspirit Magazine -- Hybrid Imagery. Southern California Institute of Architecture -- Inference Corporation -- PC World Magazine -- Shaping the future of healthcare -- Workspace '87 -- Graphic Design USA #8 -- National Endowment for the Arts -- The Museum of Modern Art: "The Modern Poster" -- The Cycle of Discovery. Cerritos Performing Arts Center -- TSE Cashmere -- Japan PGA Golf Club -- Bellini Office Furniture -- Walker Art Center -- Graphic system for SCI-ARC -- SCI-ARC admission brochure.
650 0 $aCommercial art$zUnited States$xThemes, motives.$0(uri) http://id.loc.gov/authorities/subjects/sh85028912
650 0 $aComputer art$zUnited States$xThemes, motives.$0(uri) http://id.loc.gov/authorities/subjects/sh85029482
650 0 $aGraphic arts$zUnited States$xThemes, motives.$0(uri) http://id.loc.gov/authorities/subjects/sh85056474
776 08 $iOnline version:$aGreiman, April.$tHybrid imagery.$dNew York : Watson-Guptill, 1990$w(OCoLC)659376307
852 8 $bHOU$cGEN$h*91H-8$8221832626340003941
852 8 $bHOU$cGEN$h*HRef-74$8221832626360003941
876 $8221832626360003941$q1$78$mGEN$yBOOK$p3873152$cGEN$0231832626350003941$h91$n*HRef-74$bHOU$lHOU